| 000 | 00717nam a2200229 i 4500 | ||
|---|---|---|---|
| 001 | 84833 | ||
| 003 | ES-MaACL | ||
| 005 | 20230906175123.0 | ||
| 007 | t| | ||
| 008 | 041124s1971 sp ||||1| spa d | ||
| 100 | 1 |
_aJenofonte. _966312 |
|
| 245 | 1 | 0 |
_aHieron / _cJenofonte ; texto, traducción y notas de Manuel Fernández Galiano. |
| 250 | _a[1ª ed., reimp., corr.]. | ||
| 260 |
_aMadrid : _bInstituto de Estudios Políticos, _c1971. |
||
| 300 |
_aVI, 62 p. ; _c19 cm. |
||
| 490 | 1 | _aClásicos políticos | |
| 500 | _aEd. bilingüe. | ||
| 700 | 1 |
_aFernández-Galiano, Manuel ( _d1918-1988) _9150962 |
|
| 830 | 0 |
_aClásicos políticos _9180270 |
|
| 852 |
_aES-MaACL _jC-50606 _bR.80438 |
||
| 999 |
_c84833 _d84833 |
||